| 000 | 00615nam a2200217Ia 4500 | ||
|---|---|---|---|
| 005 | 20250923145118.0 | ||
| 008 | 008 250917s9999 xx 000 0 eng d | ||
| 037 | _aTextual | ||
| 040 |
_aDSWL _beng _cDSWL |
||
| 041 |
_aeng _2eng |
||
| 084 |
_aY7:47.561'N6t4, N66 _qDSWL |
||
| 100 |
_aRex, J. _9831903 |
||
| 245 | 0 |
_aRace community and conflict _cby J. Rex |
|
| 260 |
_aLondon _bOxford University Press _c1967 |
||
| 300 | _axii,139 p. | ||
| 365 |
_aINR _b50 |
||
| 700 |
_aR. Moore _9831904 |
||
| 925 | _g50 | ||
| 942 |
_cTEXL _hY7:47.561'N6t4, N66 |
||
| 999 |
_c1447234 _d1447234 |
||